| 000 | 004790000a22001810004500 | ||
|---|---|---|---|
| 003 | LK-CoMWRAF | ||
| 005 | 20231001203247.0 | ||
| 008 | 230817t ||||| |||| 00| 0 eng d | ||
| 040 |
_aLK-CoMWRAF _dLK-CoMWRAF _eLK-CoMWRAF |
||
| 041 | _aeng | ||
| 082 |
_a297.6 _bDEH |
||
| 100 | _aDehlvi, Sahbanul-Hind Maulana Ahmad Saeed | ||
| 245 | _aPanjsura Shareef | ||
| 260 |
_aIndia (Delhi : _bDini book depot, _c1986 |
||
| 300 | _a202p | ||
| 650 | _aNames of the Prophet | ||
| 942 | _cBK | ||
| 999 |
_c1776 _d1776 |
||